[Event "Campeonato de Aragon por Equipos 2024 - "]
[Site "?"]
[Date "2024.03.02"]
[Round "6.31"]
[White "Garcia Acin, Pablo"]
[Black "Baigorri Navarro, Francisco Javier"]
[Result "1/2-1/2"]
[WhiteElo "1973"]
[BlackElo "2175"]
[PlyCount "66"]
[GameId "2166508131635642"]
[EventDate "2024.01.27"]
[WhiteTeam "Iberajedrez Mundo 64"]
[BlackTeam "ONCE C. A. Aragon"]

1. e4 e5 2. Nf3 Nf6 3. Nxe5 d6 4. Nf3 Nxe4 5. d4 d5 6. Bd3 Nc6 7. O-O Bg4 8. c4 Nf6 9. Nc3 Be7 10. Be3 O-O 11. c5 Bxc5 12. dxc5 d4 13. Bxd4 Nxd4 14. Bxh7+ Kxh7 15. Qxd4 Bxf3 16. Qxd8 Raxd8 17. gxf3 Rd3 18. Ne4 Nh5 19. c6 bxc6 20. Rac1 f5 21. Ng5+ Kh6 22. Ne6 Rf6 23. Rxc6 Rg6+ 24. Kh1 Rd2 25. Rg1 Rf6 26. Rgc1 Rxb2 27. Nxc7 Rxa2 28. Nd5 Rxc6 29. Rxc6+ Kg5 30. Kg2 Rd2 31. f4+ Nxf4+ 32. Nxf4 Kxf4 33. Rc7 g5 1/2-1/2

[Event "Preferente Aragonesa 2024 - Grupo I"]
[Site "?"]
[Date "2024.03.02"]
[Round "6.32"]
[White "Gracia Suarez, Jesus"]
[Black "Pellicer Cerezuela, Miguel"]
[Result "1-0"]
[WhiteElo "2057"]
[BlackElo "2059"]
[PlyCount "123"]
[GameId "2166508131672507"]
[EventDate "2024.01.27"]
[WhiteTeam "San Jose"]
[BlackTeam "L'Aurora Estadilla"]

1. Nc3 d5 2. e4 e6 3. d4 Bb4 4. Nge2 dxe4 5. a3 Be7 6. Nxe4 Nf6 7. N2c3 O-O 8. Bf4 c6 9. Be2 Nbd7 10. O-O Nd5 11. Nxd5 exd5 12. Nd6 Nf6 13. Nxc8 Rxc8 14. Bd3 Re8 15. Qf3 g6 16. Rfe1 Nh5 17. Bh6 Bf8 18. Rxe8 Qxe8 19. Bg5 Qe6 20. c3 Re8 21. Bd2 Nf6 22. Re1 Qxe1+ 23. Bxe1 Rxe1+ 24. Bf1 Ne4 25. Qd3 Bh6 26. f4 Bxf4 27. g3 Bc1 28. Kg2 Bxb2 29. c4 dxc4 30. Qxc4 Bxa3 31. Bd3 a5 32. Bxe4 Rxe4 33. Qd3 Re6 34. Qxa3 b6 35. Qb3 b5 36. d5 cxd5 37. Qxb5 d4 38. Qxa5 d3 39. Qd8+ Kg7 40. Qd4+ Kg8 41. Qxd3 h5 42. Qd8+ Kg7 43. Qd4+ Kg8 44. Kf3 Re1 45. Kf4 Rf1+ 46. Kg5 Kh7 47. Qe5 f6+ 48. Qxf6 Rxf6 49. Kxf6 Kh6 50. h3 Kh7 51. Kf7 Kh6 52. Kg8 h4 53. g4 Kg5 54. Kf7 Kf4 55. Kxg6 Kg3 56. Kf5 Kxh3 57. g5 Kg2 58. g6 h3 59. g7 h2 60. g8=Q+ Kh1 61. Kg4 Kg1 62. Kf3+ 1-0

[Event "Preferente Aragonesa 2024 - Grupo I"]
[Site "?"]
[Date "2024.03.02"]
[Round "6.33"]
[White "Cid Royo, Oscar"]
[Black "Gutierrez Mingueza, Ruben"]
[Result "1-0"]
[WhiteElo "1993"]
[BlackElo "2003"]
[PlyCount "73"]
[GameId "2166508131705276"]
[EventDate "2024.01.27"]
[WhiteTeam "L'Aurora Estadilla"]
[BlackTeam "San Jose"]

1. d4 Nf6 2. Nf3 e6 3. Bf4 d5 4. e3 Bd6 5. Ne5 O-O 6. Bd3 c5 7. c3 Qc7 8. Nd2 b6 9. Qe2 Bb7 10. Bg3 Nbd7 11. Nxd7 Qxd7 12. O-O Qc7 13. Bxd6 Qxd6 14. f4 Ne4 15. Rad1 Nxd2 16. Rxd2 f5 17. g4 Bc6 18. Qf3 a6 19. Bc2 c4 20. Qh3 g6 21. Rg2 Rf7 22. gxf5 exf5 23. Bxf5 Re8 24. Bc2 Bd7 25. f5 Rg7 26. Qh6 Rf8 27. Rff2 Rf6 28. fxg6 hxg6 29. Rxf6 Qxf6 30. Rxg6 Rxg6+ 31. Qxg6+ Qxg6+ 32. Bxg6 Kg7 33. Bc2 Kf6 34. Kf2 b5 35. Kg3 a5 36. a3 Kg5 37. h4+ 1-0

[Event "Preferente Aragonesa 2024 - Grupo I"]
[Site "?"]
[Date "2024.03.02"]
[Round "6.34"]
[White "Palomar Ramon, Santiago"]
[Black "Ayensa Garcia, Miguel Angel"]
[Result "1/2-1/2"]
[WhiteElo "1879"]
[BlackElo "1989"]
[PlyCount "93"]
[GameId "2166508131803581"]
[EventDate "2024.01.27"]
[WhiteTeam "San Jose"]
[BlackTeam "L'Aurora Estadilla"]

1. e4 c5 2. Nf3 g6 3. d4 cxd4 4. Nxd4 Bg7 5. Nc3 Nc6 6. Be3 Nf6 7. Bc4 Qa5 8. O-O O-O 9. Be2 d6 10. Nb3 Qd8 11. h3 Bd7 12. Qd2 Rc8 13. Bh6 Ne5 14. Bxg7 Kxg7 15. Rad1 Bc6 16. Qe3 Qb6 17. Qxb6 axb6 18. f4 Ned7 19. Bf3 Nc5 20. e5 dxe5 21. fxe5 Nfe4 22. Nd5 Bxd5 23. Rxd5 e6 24. Rd4 Ng3 25. Rfd1 Nf5 26. Rb4 Nxb3 27. cxb3 Rc2 28. Rxb6 Rfc8 29. Rxb7 Rxb2 30. Rdd7 Rc1+ 31. Kh2 Rbb1 32. Rxf7+ Kh6 33. Rxh7+ Kg5 34. h4+ Nxh4 35. Rxh4 Kxh4 36. Rb4+ Kg5 37. Kg3 Rb2 38. a4 Rc3 39. a5 Rcxb3 40. Ra4 Rb4 41. Ra1 Rb1 42. Ra2 R1b2 43. Ra1 Rb1 44. Ra2 R4b2 45. Ra4 Rb4 46. Ra2 R1b2 47. Ra1 1/2-1/2

[Event "Preferente Aragonesa 2024 - Grupo I"]
[Site "?"]
[Date "2024.03.02"]
[Round "6.35"]
[White "Pellicer Cemeli, Jose Luis"]
[Black "Ferreruela Romero, Jose Joaquin"]
[Result "1/2-1/2"]
[WhiteElo "1952"]
[BlackElo "1859"]
[PlyCount "46"]
[GameId "2166508131840446"]
[EventDate "2024.01.27"]
[WhiteTeam "L'Aurora Estadilla"]
[BlackTeam "San Jose"]

1. e4 c5 2. Nc3 a6 3. a4 Nc6 4. Nf3 d6 5. Bc4 e6 6. O-O Nf6 7. Re1 Be7 8. Bf1 e5 9. h3 O-O 10. d3 h6 11. Bd2 b6 12. Ne2 Kh7 13. c3 g6 14. Ng3 Ng8 15. b4 cxb4 16. cxb4 a5 17. b5 Nb8 18. Rc1 Bf6 19. Be3 Nd7 20. d4 exd4 21. Nxd4 Bxd4 22. Bxd4 Nc5 23. e5 Be6 1/2-1/2

[Event "Preferente Aragonesa 2024 - Grupo I"]
[Site "?"]
[Date "2024.03.02"]
[Round "6.36"]
[White "Salamero Pelay, Fernando"]
[Black "De La Riva Fernandez, Eduardo"]
[Result "1-0"]
[WhiteElo "2043"]
[BlackElo "1743"]
[PlyCount "107"]
[GameId "2166508131877311"]
[EventDate "2024.01.27"]
[WhiteTeam "Atletismo Huesca"]
[BlackTeam "El Olivar C"]

1. e4 e6 2. d4 d5 3. Nc3 Nf6 4. e5 Nfd7 5. f4 a6 6. Nf3 c5 7. Be3 cxd4 8. Nxd4 Nc6 9. Qg4 Nxd4 10. Bxd4 g6 11. O-O-O Bc5 12. Ne4 Bxd4 13. Nd6+ Kf8 14. Rxd4 Qb6 15. Rd1 Nc5 16. Qg5 Rg8 17. h4 Bd7 18. Rh3 Be8 19. Rc3 Bc6 20. Qf6 Rg7 21. h5 Nd7 22. Qh4 Qd8 23. Qxd8+ Rxd8 24. h6 Rg8 25. Bxa6 Rb8 26. Bxb7 Bxb7 27. Nxb7 g5 28. Rc7 Ke8 29. f5 g4 30. c4 Rg5 31. fxe6 fxe6 32. cxd5 Rxe5 33. dxe6 Nf6 34. Rf7 Rxe6 35. Rg7 Rc6+ 36. Kb1 Kf8 37. Rf1 Re8 38. Rxh7 Re1+ 39. Rxe1 Nxh7 40. Re4 Nf6 41. Rf4 Kg8 42. b4 Kh7 43. a4 Kxh6 44. b5 Rb6 45. Nc5 Kg5 46. g3 Nd5 47. Rc4 Ne3 48. Rc3 Nd5 49. Rd3 Nf6 50. Nd7 Re6 51. Nxf6 Kxf6 52. a5 Re5 53. Rb3 Ke6 54. b6 1-0

[Event "Preferente Aragonesa 2024 - Grupo I"]
[Site "?"]
[Date "2024.03.02"]
[Round "6.37"]
[White "Machin Torcal, Eduardo"]
[Black "Gella Lopez, Angel"]
[Result "0-1"]
[WhiteElo "1636"]
[BlackElo "1988"]
[PlyCount "92"]
[GameId "2166508131926464"]
[EventDate "2024.01.27"]
[WhiteTeam "El Olivar C"]
[BlackTeam "Atletismo Huesca"]

1. e4 c5 2. Nc3 e6 3. Nf3 Nc6 4. d4 cxd4 5. Nxd4 Qc7 6. g3 a6 7. Bg2 Nf6 8. O-O Be7 9. Nxc6 bxc6 10. Be3 O-O 11. Na4 d5 12. Nb6 Rb8 13. Nxc8 Rfxc8 14. exd5 cxd5 15. b3 Qxc2 16. Qxc2 Rxc2 17. Rfc1 Rbc8 18. Rxc2 Rxc2 19. Rc1 Rxc1+ 20. Bxc1 a5 21. f3 Kf8 22. Kf2 Bc5+ 23. Ke2 Ke7 24. Bg5 h6 25. Be3 Kd6 26. Bf1 Bxe3 27. Kxe3 Kc5 28. a3 e5 29. Bd3 d4+ 30. Kd2 Nd5 31. Bc4 f6 32. Bd3 Nc3 33. Kc2 Nb5 34. Kb2 Nd6 35. g4 Nf7 36. h4 Nd6 37. Kc2 Kd5 38. Kd2 Ke6 39. Ke2 f5 40. gxf5+ Nxf5 41. Bxf5+ Kxf5 42. b4 axb4 43. axb4 g5 44. hxg5 hxg5 45. b5 Ke6 46. b6 Kd6 0-1

[Event "Preferente Aragonesa 2024 - Grupo I"]
[Site "?"]
[Date "2024.03.02"]
[Round "6.38"]
[White "Gella Bitrian, Diego"]
[Black "Marco Garcia, Francho"]
[Result "1-0"]
[WhiteElo "1978"]
[BlackElo "1631"]
[PlyCount "161"]
[GameId "2166508131967425"]
[EventDate "2024.01.27"]
[WhiteTeam "Atletismo Huesca"]
[BlackTeam "El Olivar C"]

1. e4 d5 2. exd5 Qxd5 3. Nc3 Qa5 4. Bc4 Nf6 5. d3 Bg4 6. f3 Bd7 7. Bd2 Qb6 8. Bb3 Nc6 9. g4 h6 10. Na4 Qb5 11. Ne2 e6 12. Ng3 Nd4 13. Nc3 Qb6 14. Nce4 Be7 15. c3 Nxe4 16. fxe4 Nxb3 17. axb3 Bh4 18. Rf1 Bc6 19. Qf3 Rf8 20. b4 a6 21. Be3 Bxe4 22. Qxe4 Qb5 23. Bc5 Be7 24. c4 Qd7 25. Bxe7 Kxe7 26. Nf5+ Kd8 27. Nxg7 Qe7 28. c5 Rg8 29. Kd1 Rxg7 30. Qxb7 Rc8 31. Qe4 Qd7 32. Rxa6 Rxg4 33. Qh7 Ke8 34. Qh8+ Ke7 35. Qf6+ Ke8 36. Rxe6+ Qxe6 37. Re1 Rg1 38. Qxe6+ fxe6 39. Rxg1 Kf7 40. Kc2 c6 41. Kc3 Rd8 42. Kc4 Rb8 43. h4 Ra8 44. Rg2 Ra1 45. Rg4 Rc1+ 46. Kb3 Rh1 47. Re4 Kf6 48. Kc3 Rc1+ 49. Kd2 Rh1 50. b5 cxb5 51. c6 Ke7 52. c7 Kd7 53. Rxe6 Kxc7 54. Rxh6 b4 55. Kc2 Rh3 56. Rh8 Kd7 57. h5 Ke6 58. h6 Kf7 59. Rh7+ Kg6 60. Rb7 Kxh6 61. Rxb4 Kg5 62. Re4 Kf5 63. b4 Rh8 64. Kc3 Rc8+ 65. Kb3 Rd8 66. Kc3 Rb8 67. Re1 Rc8+ 68. Kb3 Rd8 69. Kc4 Rc8+ 70. Kb5 Rb8+ 71. Kc5 Rc8+ 72. Kd5 Rd8+ 73. Kc6 Rxd3 74. b5 Rc3+ 75. Kb7 Rb3 76. b6 Kf6 77. Ka7 Rb2 78. b7 Ra2+ 79. Kb8 Rb2 80. Ra1 Rh2 81. Ka8 1-0

[Event "Preferente Aragonesa 2024 - Grupo I"]
[Site "?"]
[Date "2024.03.02"]
[Round "6.39"]
[White "Fron Merchan, Fernando"]
[Black "Laplaza Ara, Carlos"]
[Result "1-0"]
[WhiteElo "1563"]
[BlackElo "1910"]
[PlyCount "67"]
[GameId "2166508132004290"]
[EventDate "2024.01.27"]
[WhiteTeam "El Olivar C"]
[BlackTeam "Atletismo Huesca"]

1. d4 d5 2. Bf4 Nf6 3. e3 e6 4. Nf3 Be7 5. Bd3 c5 6. c3 Nc6 7. Nbd2 O-O 8. Ne5 Qb6 9. Rb1 Bd7 10. h4 Rfd8 11. g4 Nxe5 12. dxe5 Ne8 13. g5 g6 14. h5 Bb5 15. Bc2 Ng7 16. hxg6 hxg6 17. Qg4 Bf8 18. Qh4 Nh5 19. Nf3 Qa6 20. Kd2 Qa5 21. Kc1 Rac8 22. Qg4 Ng7 23. Qh3 Nh5 24. Bxg6 fxg6 25. Qxe6+ Kg7 26. Rxh5 gxh5 27. g6 Qc7 28. Bg5 Re8 29. Bf6+ Kxg6 30. Nh4+ Kh7 31. Qf5+ Kg8 32. Kd2 Qd7 33. Rg1+ Kf7 34. e6+ 1-0

[Event "Preferente Aragonesa 2024 - Grupo I"]
[Site "?"]
[Date "2024.03.02"]
[Round "6.40"]
[White "Malo Guillen, Jose Luis"]
[Black "Bonet Herbera, Isabel"]
[Result "1-0"]
[WhiteElo "2070"]
[BlackElo "1780"]
[PlyCount "46"]
[GameId "2166508132037059"]
[EventDate "2024.01.27"]
[WhiteTeam "Las Fuentes"]
[BlackTeam "Binefar"]

1. d4 d5 2. c4 e6 3. Nf3 Nf6 4. Nc3 Nbd7 5. Qc2 Be7 6. Bf4 Bb4 7. e3 Ne4 8. Bd3 Bxc3+ 9. bxc3 Ndf6 10. O-O O-O 11. h3 c5 12. Ne5 b6 13. cxd5 exd5 14. Rfd1 Bb7 15. c4 cxd4 16. exd4 Rc8 17. f3 Nd6 18. c5 h6 19. Rac1 bxc5 20. dxc5 Nd7 21. Nxd7 Qxd7 22. Bxd6 Rfd8 23. Bf5 Qe8 1-0

[Event "Preferente Aragonesa 2024 - Grupo I"]
[Site "?"]
[Date "2024.03.02"]
[Round "6.41"]
[White "Lanau Corzan, Gerardo"]
[Black "Javierre Conesa, Alfonso"]
[Result "0-1"]
[WhiteElo "1651"]
[BlackElo "1822"]
[PlyCount "66"]
[GameId "2166508132073924"]
[EventDate "2024.01.27"]
[WhiteTeam "Binefar"]
[BlackTeam "Las Fuentes"]

1. d4 d5 2. Bf4 Nf6 3. e3 e6 4. Nf3 Bd6 5. Ne5 O-O 6. Bd3 b6 7. Qf3 Bb7 8. Qh3 Ba6 9. Bxa6 Nxa6 10. c3 c5 11. Nd2 Qc7 12. Ndf3 Nb8 13. O-O Nc6 14. Rfe1 Rac8 15. g4 Qe7 16. Bg5 Bb8 17. Bxf6 gxf6 18. Nxc6 Rxc6 19. Qh6 Kh8 20. h4 Rg8 21. Qh5 Rcc8 22. Kf1 Rg6 23. Ke2 Rcg8 24. Rg1 cxd4 25. exd4 Bf4 26. g5 fxg5 27. hxg5 e5 28. dxe5 Bxg5 29. Kd3 Qe6 30. Qg4 Qc6 31. Qd4 Qb5+ 32. c4 dxc4+ 33. Kc3 Rd8 0-1

[Event "Preferente Aragonesa 2024 - Grupo I"]
[Site "?"]
[Date "2024.03.02"]
[Round "6.42"]
[White "Manguez Cambra, Jose Luis"]
[Black "Perales Boal, Ivan"]
[Result "0-1"]
[WhiteElo "1726"]
[BlackElo "1631"]
[PlyCount "70"]
[GameId "2166508132114885"]
[EventDate "2024.01.27"]
[WhiteTeam "Las Fuentes"]
[BlackTeam "Binefar"]

1. d4 Nf6 2. Nc3 d5 3. e4 dxe4 4. f3 exf3 5. Nxf3 e6 6. Bd3 c5 7. Bg5 cxd4 8. Nxd4 Be7 9. Nf3 Nc6 10. Qe2 a6 11. a3 Nd5 12. Bd2 Qc7 13. Nxd5 exd5 14. Bc3 f6 15. O-O-O Bd7 16. Nd4 O-O-O 17. Ne6 Bxe6 18. Qxe6+ Kb8 19. Rhe1 Qxh2 20. Bxa6 Rd6 21. Qe3 d4 22. Bxd4 bxa6 23. Qb3+ Kc8 24. Qc4 Qf4+ 25. Kb1 Kd7 26. Qxa6 Rxd4 27. Qb7+ Kd6 28. Qb3 Kc7 29. Qe6 Rhd8 30. Rxd4 Rxd4 31. Qf7 Rd7 32. Qxg7 Bxa3 33. Qg8 Bxb2 34. Qb3 Be5 35. Ka2 Rd5 0-1

[Event "Preferente Aragonesa 2024 - Grupo I"]
[Site "?"]
[Date "2024.03.02"]
[Round "6.43"]
[White "Arino Castan, Federico"]
[Black "Edeso Perez, Francisco"]
[Result "1-0"]
[WhiteElo "1625"]
[BlackElo "1669"]
[PlyCount "57"]
[GameId "2166508132200902"]
[EventDate "2024.01.27"]
[WhiteTeam "Binefar"]
[BlackTeam "Las Fuentes"]

1. d4 d5 2. c4 c6 3. Nc3 Bg4 4. h3 Be6 5. cxd5 Bxd5 6. e4 Be6 7. Nf3 g6 8. Ng5 Qc8 9. Be3 Nf6 10. Nxe6 Qxe6 11. d5 Qc8 12. Rc1 Bg7 13. dxc6 bxc6 14. Be2 O-O 15. O-O Rd8 16. Qa4 Qb7 17. b3 a6 18. Qc4 Nbd7 19. Na4 Ne5 20. Qc2 Nfd7 21. f4 Bh6 22. Bd2 Nb6 23. Nc5 Qc8 24. Ba5 Ned7 25. Nxd7 Nxd7 26. Bxd8 Qxd8 27. Qxc6 Nf6 28. Rcd1 Qe8 29. e5 1-0

[Event "Preferente Aragonesa 2024 - Grupo I"]
[Site "?"]
[Date "2024.03.02"]
[Round "6.44"]
[White "Llorente Zaro, Alfonso"]
[Black "Avellanas Pau, Miguel Angel"]
[Result "1-0"]
[WhiteElo "2433"]
[BlackElo "1831"]
[PlyCount "67"]
[GameId "2166508132258247"]
[EventDate "2024.01.27"]
[WhiteTeam "Agrupacion A"]
[BlackTeam "Enroque de Barbastro"]

1. Nf3 Nf6 2. g3 d5 3. Bg2 e6 4. O-O Be7 5. b3 b6 6. c4 Bb7 7. Bb2 O-O 8. e3 Nbd7 9. Qe2 Re8 10. Rd1 Bf8 11. d4 Ne4 12. Nc3 f5 13. Rac1 Rc8 14. Ne5 c6 15. g4 Nxe5 16. dxe5 Qg5 17. gxf5 Nxc3 18. Rxc3 Qxf5 19. e4 Qg6 20. Rg3 Qf7 21. cxd5 cxd5 22. exd5 Bxd5 23. Bxd5 exd5 24. Qd3 Rcd8 25. Rf1 Re6 26. f4 Rg6 27. f5 Rxg3+ 28. hxg3 Bc5+ 29. Kg2 d4 30. Qe4 Qd5 31. Kf3 Kf7 32. Qxd5+ Rxd5 33. Ke4 Rd8 34. Rd1 1-0

[Event "Preferente Aragonesa 2024 - Grupo I"]
[Site "?"]
[Date "2024.03.02"]
[Round "6.45"]
[White "Campo Pelegrin, Ramon"]
[Black "Martin Moreno, Luis"]
[Result "0-1"]
[WhiteElo "1793"]
[BlackElo "2314"]
[PlyCount "51"]
[GameId "2166508132303304"]
[EventDate "2024.01.27"]
[WhiteTeam "Enroque de Barbastro"]
[BlackTeam "Agrupacion A"]

1. e4 e5 2. Nf3 Nc6 3. Bb5 f5 4. d4 fxe4 5. Nxe5 Nxe5 6. dxe5 c6 7. Bc4 Qa5+ 8. Bd2 Qxe5 9. Bc3 Qg5 10. Bxg8 Rxg8 11. O-O d5 12. Qe2 Bc5 13. Kh1 Bf5 14. Nd2 O-O-O 15. b4 Bb6 16. Nb3 d4 17. Bd2 Qg6 18. Rac1 Rge8 19. Bf4 Bg4 20. Qe1 Qf5 21. Bg3 g5 22. a4 h5 23. a5 Bc7 24. Bxc7 Kxc7 25. Nc5 h4 26. Qd2 0-1

[Event "Preferente Aragonesa 2024 - Grupo I"]
[Site "?"]
[Date "2024.03.02"]
[Round "6.46"]
[White "Remiro Juste, Fernando Jose"]
[Black "Rubiella Moreno, Oscar"]
[Result "0-1"]
[WhiteElo "2221"]
[BlackElo "1691"]
[PlyCount "46"]
[GameId "2166508132340169"]
[EventDate "2024.01.27"]
[WhiteTeam "Agrupacion A"]
[BlackTeam "Enroque de Barbastro"]

1. d4 Nf6 2. c4 g6 3. Nc3 Bg7 4. e4 d6 5. h3 O-O 6. Be3 e5 7. d5 Na6 8. Bd3 Nc5 9. Bc2 a5 10. Nge2 c6 11. Qd2 cxd5 12. exd5 Ne8 13. g4 f5 14. gxf5 Bxf5 15. h4 Bxc2 16. Qxc2 Nf6 17. Rg1 Nh5 18. O-O-O Qxh4 19. Nb5 e4 20. Rh1 Nd3+ 21. Kb1 Qe7 22. Nec3 Rac8 23. Nxe4 Nb4 0-1

[Event "Preferente Aragonesa 2024 - Grupo I"]
[Site "?"]
[Date "2024.03.02"]
[Round "6.47"]
[White "Vinuales Ferro, Antonio"]
[Black "Roque Sola, Gisela"]
[Result "0-1"]
[WhiteElo "1599"]
[BlackElo "2069"]
[PlyCount "79"]
[GameId "2166508132377034"]
[EventDate "2024.01.27"]
[WhiteTeam "Enroque de Barbastro"]
[BlackTeam "Agrupacion A"]

1. b4 Nf6 2. Bb2 d5 3. Nf3 Bg4 4. e3 e6 5. a3 Nbd7 6. Be2 c5 7. b5 Bd6 8. O-O O-O 9. d3 a6 10. a4 axb5 11. axb5 Rxa1 12. Bxa1 Qa5 13. Bxf6 Nxf6 14. c4 dxc4 15. dxc4 Bb8 16. Qb3 e5 17. Nc3 e4 18. Nh4 Qc7 19. g3 Bxe2 20. Nxe2 Qc8 21. f3 Re8 22. Kg2 Qd7 23. Rd1 exf3+ 24. Nxf3 Qe7 25. Nf4 Bxf4 26. gxf4 Ng4 27. Re1 Qe4 28. Kg3 Nf6 29. Nd2 Qg6+ 30. Kf3 Qg4+ 31. Kf2 Qh3 32. Kg1 Qh4 33. Qd1 Ng4 34. Nf1 Nf2 35. Qe2 Nh3+ 36. Kh1 Nxf4 37. Qd2 Nh3 38. Re2 Qxc4 39. Qb2 Ng5 40. Rc2 0-1

[Event "Preferente Aragonesa 2024 - Grupo I"]
[Site "?"]
[Date "2024.03.02"]
[Round "6.48"]
[White "Torrente Gayarre, Lorenzo"]
[Black "Sacristan Latorre, Alberto"]
[Result "0-1"]
[WhiteElo "1669"]
[BlackElo "2090"]
[PlyCount "56"]
[GameId "2166508132409803"]
[EventDate "2024.01.27"]
[WhiteTeam "Jaque - Aramovil B"]
[BlackTeam "Palacio De Pioneros B"]

1. d4 Nf6 2. Nf3 b5 3. Bf4 e6 4. e3 a6 5. Bd3 Bb7 6. O-O c5 7. c3 Be7 8. Nbd2 Nh5 9. Bg3 Nxg3 10. hxg3 O-O 11. Qe2 Nc6 12. Rfd1 Qb6 13. g4 Rac8 14. g3 g6 15. Kg2 f5 16. gxf5 exf5 17. d5 c4 18. Bxc4 bxc4 19. dxc6 Qxc6 20. Kg1 g5 21. e4 fxe4 22. Ne5 Qe6 23. Nexc4 e3 24. Nxe3 Qh3 25. f3 Bc5 26. Rf1 Bxe3+ 27. Qxe3 Qxg3+ 28. Kh1 Rf6 0-1

[Event "Preferente Aragonesa 2024 - Grupo I"]
[Site "?"]
[Date "2024.03.02"]
[Round "6.49"]
[White "Colom Sienes, Eduardo"]
[Black "Huerva Lacuna, Isidro"]
[Result "1-0"]
[WhiteElo "2070"]
[BlackElo "1624"]
[PlyCount "59"]
[GameId "2166508132450764"]
[EventDate "2024.01.27"]
[WhiteTeam "Palacio De Pioneros B"]
[BlackTeam "Jaque - Aramovil B"]

1. e4 e5 2. Bc4 Nf6 3. d3 Bc5 4. f4 Nc6 5. Nf3 d6 6. Nc3 O-O 7. Na4 Na5 8. fxe5 dxe5 9. Nxc5 Qe7 10. Nb3 Nxc4 11. dxc4 Nxe4 12. O-O Rd8 13. Qe2 f5 14. Nbd2 Qc5+ 15. Kh1 Nxd2 16. Bxd2 e4 17. Ng5 h6 18. Nh3 Rd6 19. Bc3 Be6 20. b3 b5 21. Nf4 Bf7 22. Nh5 Rg6 23. Rad1 bxc4 24. b4 Qc6 25. Rxf5 e3 26. Nf4 Rd6 27. Rxd6 Qxd6 28. Qg4 g6 29. Rf6 Qe7 30. Rxg6+ 1-0

[Event "Preferente Aragonesa 2024 - Grupo I"]
[Site "?"]
[Date "2024.03.02"]
[Round "6.50"]
[White "Abadias Banzo, Javier"]
[Black "Gomez Salinas, Nestor"]
[Result "1-0"]
[WhiteElo "1454"]
[BlackElo "2014"]
[PlyCount "121"]
[GameId "2166508132508109"]
[EventDate "2024.01.27"]
[WhiteTeam "Jaque - Aramovil B"]
[BlackTeam "Palacio De Pioneros B"]

1. b3 d6 2. Bb2 e5 3. e3 Be6 4. c4 Nc6 5. Nf3 e4 6. Nd4 Nxd4 7. Bxd4 Ne7 8. d3 Bf5 9. Be2 Nc6 10. dxe4 Bxe4 11. O-O Qg5 12. Bf3 Bxf3 13. Qxf3 Be7 14. Nc3 O-O 15. Ne4 Qg6 16. Ng3 Rab8 17. Rad1 Rfe8 18. Nh5 Ne5 19. Bxe5 dxe5 20. Ng3 Qe6 21. Rd3 g6 22. e4 Bc5 23. h4 Bd4 24. h5 Kg7 25. Ne2 c5 26. g4 Qe7 27. Kg2 Qg5 28. Qg3 Rbd8 29. Rf3 Qd2 30. Qh4 Rd6 31. hxg6 Rxg6 32. Rh1 h6 33. Ng3 Ree6 34. Nf5+ Kh8 35. Ng3 Rg7 36. Rf6 Rxf6 37. Qxf6 Kh7 38. Qf5+ Kh8 39. Nh5 Rg5 40. Qxf7 Rxg4+ 41. Ng3 Qf4 42. Qxf4 exf4 43. Kf3 Rg6 44. Nf5 Bg7 45. Kxf4 Re6 46. Nxg7 Kxg7 47. f3 Kg6 48. e5 Ra6 49. Rh2 Kf7 50. Kf5 Re6 51. f4 Rg6 52. Rd2 Rg1 53. Rd7+ Kg8 54. e6 Rf1 55. Kg6 Kf8 56. f5 h5 57. f6 Rg1+ 58. Kxh5 Rh1+ 59. Kg5 Rg1+ 60. Kf5 Rf1+ 61. Ke5 1-0

[Event "Preferente Aragonesa 2024 - Grupo I"]
[Site "?"]
[Date "2024.03.02"]
[Round "6.51"]
[White "Caballero Ortin, Jorge"]
[Black "Oliva Tarancon, Guillermo"]
[Result "1-0"]
[WhiteElo "1724"]
[BlackElo "1250"]
[PlyCount "35"]
[GameId "2166508132557262"]
[EventDate "2024.01.27"]
[WhiteTeam "Palacio De Pioneros B"]
[BlackTeam "Jaque - Aramovil B"]

1. e4 d6 2. Nf3 Nf6 3. Nc3 Nbd7 4. Bc4 h6 5. d3 e5 6. Be3 Be7 7. h3 c6 8. a4 O-O 9. Qd2 b6 10. g4 Nh7 11. h4 g5 12. O-O-O Bb7 13. hxg5 Nxg5 14. Nxg5 Bxg5 15. Rh5 Bxe3 16. Qxe3 Nf6 17. Qxh6 Nxh5 18. gxh5 1-0

[Event "Preferente Aragonesa 2024 - Grupo II"]
[Site "?"]
[Date "2024.03.02"]
[Round "6.52"]
[White "Cabrera Moreno, Daniel"]
[Black "Jimenez Fernandez, Alejandro"]
[Result "1-0"]
[WhiteElo "2157"]
[BlackElo "1948"]
[PlyCount "71"]
[GameId "2166508132602319"]
[EventDate "2024.01.27"]
[WhiteTeam "Tauste"]
[BlackTeam "Iberajedrez Mundo 64 B"]

1. d4 f5 2. e4 fxe4 3. Nc3 Nf6 4. Bg5 Nc6 5. d5 Ne5 6. Qd4 Nf7 7. Nh3 g6 8. Nxe4 Bg7 9. O-O-O O-O 10. Nxf6+ exf6 11. Be3 a5 12. Nf4 a4 13. a3 Qe7 14. h4 d6 15. h5 g5 16. Ne6 Bxe6 17. dxe6 Qxe6 18. Bc4 Qf5 19. g4 Qa5 20. h6 Bh8 21. f4 gxf4 22. Rh5 fxe3 23. Rxa5 Rxa5 24. Qxe3 Re5 25. Qf4 Ra8 26. Rd5 Re1+ 27. Kd2 Rae8 28. Bd3 Ne5 29. Qf5 Nxd3 30. Qxd3 f5 31. Rxf5 Bxb2 32. Qc4+ R8e6 33. Rf3 d5 34. Qxd5 Bc1+ 35. Kc3 Kh8 36. Rf8# 1-0

[Event "Preferente Aragonesa 2024 - Grupo II"]
[Site "?"]
[Date "2024.03.02"]
[Round "6.53"]
[White "Sanchez Castro, Roberto"]
[Black "Fernandez Rubio, Rafael"]
[Result "0-1"]
[WhiteElo "1916"]
[BlackElo "2033"]
[PlyCount "66"]
[GameId "2166508132868560"]
[EventDate "2024.01.27"]
[WhiteTeam "Iberajedrez Mundo 64 B"]
[BlackTeam "Tauste"]

1. d4 d5 2. Nf3 Nf6 3. e3 c5 4. c3 Nc6 5. Bd3 Bg4 6. h3 Bxf3 7. Qxf3 e5 8. dxe5 Nxe5 9. Bb5+ Nc6 10. O-O Qb6 11. Ba4 O-O-O 12. Nd2 Ne5 13. Qe2 Bd6 14. e4 g5 15. exd5 g4 16. h4 Nxd5 17. Nc4 Qc7 18. Nxd6+ Qxd6 19. Kh1 Qe7 20. Bg5 f6 21. Rae1 fxg5 22. Qxe5 Qxe5 23. Rxe5 gxh4 24. Bb3 Nf4 25. Rxc5+ Kb8 26. Rc4 Rhf8 27. g3 Nd3 28. Kg1 Ne5 29. Rc5 Nf3+ 30. Kh1 Nd2 31. Re1 Rxf2 32. Bd5 b6 33. Rb5 Rxd5 0-1

[Event "Preferente Aragonesa 2024 - Grupo II"]
[Site "?"]
[Date "2024.03.02"]
[Round "6.54"]
[White "Carbonel Sanchez, Andres"]
[Black "Moreno Burillo, Marcos Antonio"]
[Result "1-0"]
[WhiteElo "1970"]
[BlackElo "1814"]
[PlyCount "55"]
[GameId "2166508132950481"]
[EventDate "2024.01.27"]
[WhiteTeam "Tauste"]
[BlackTeam "Iberajedrez Mundo 64 B"]

1. e4 c5 2. Nf3 e6 3. d4 cxd4 4. Nxd4 a6 5. c4 Qc7 6. Nc3 Nf6 7. Be3 Be7 8. Be2 O-O 9. O-O d6 10. Rc1 Nbd7 11. f3 b6 12. Qd2 Bb7 13. Rfd1 Rac8 14. Qe1 Qb8 15. Qf2 Bd8 16. Nc2 Bc7 17. g3 Rfd8 18. Rd2 Qa8 19. Rcd1 Nc5 20. b4 Ncd7 21. Na1 Ne5 22. Nb3 d5 23. Bxb6 Bxb6 24. Qxb6 Nxc4 25. Bxc4 Rc6 26. Qd4 e5 27. Qd3 Rdc8 28. Nxd5 1-0